Cousins and strangers: spanish immigrants in Buenos Aires, 1850-1930

Uloženo v:
Podrobná bibliografie
Hlavní autor: Moya, José C. (Autor)
Médium: Kniha
Jazyk:angličtina
Vydáno: Berkeley University of California Press 1998
Témata:
Tagy: Přidat tag
Žádné tagy, Buďte první, kdo vytvoří štítek k tomuto záznamu!

MARC

LEADER 00000cam a2200000 a 4500
001 UCG8788
003 CL-VaPUC
008 111229e19980000US |||||||||||||||||eng|d
020 |a 0520072294 
082 0 4 |a 982.04  |b MOY  |2 21 
100 |a Moya, José C.  |e author  |9 559959 
245 1 0 |a Cousins and strangers: spanish immigrants in Buenos Aires, 1850-1930 
300 |a 567 p 
942 |c BK 
945 |d 20111229 00:00:00  |a dcastane 
260 |a Berkeley  |b University of California Press  |c 1998 
650 0 |a Historia de Argentina  |9 319851 
650 0 |a Inmigrantes  |9 317882 
650 0 |a Españoles  |9 266190 
583 |a last modification  |c 20111229 10:48:00  |k Rodrigo Vera 
999 |c 346385  |d 346383 
952 |0 0  |1 0  |4 0  |6 982_040000000000000_MOY_1998  |7 0  |8 A  |9 447067  |a BIBHIS  |b BIBHIS  |d 2019-11-22  |i 4819314  |o 982.04 MOY 1998  |p 4819314  |r 2025-01-20  |w 2019-11-22  |y BK  |k HIS